Modelovanie trenia pre simulátor protiblokovacieho brzdového systému

Saved in:
Bibliographic Details
Main Author: Mihályová, Lucia (Author)
Other Authors: Juhás, Martin (Thesis advisor)
Format: Manuscript Book
Language:Slovak
Published: 2015
Subjects:
Online Access:http://is.stuba.sk/zp/portal_zp.pl?podrobnosti=112934
Tags: Add Tag
No Tags, Be the first to tag this record!

MARC

LEADER 00000ntm a22000003a 4500
001 stuzp52731
003 SK-STU
005 20160719154248.8
007 ta
008 150427s2015----xo-----f-mn---000-0-slo-d
040 |a STU  |b slo 
041 0 |a slo 
100 1 |a Mihályová, Lucia  |u 020020  |4 aut  |U SjF Strojnícka fakulta  |T SjF Ústav automatizácie, merania a aplikovanej informatiky  |X 43867  |U J0020  |Y 802  |7 A000043867 
242 0 1 |a Modeling of friction for anti-lock braking system of Simulator  |y eng 
245 1 0 |a Modelovanie trenia pre simulátor protiblokovacieho brzdového systému 
260 |c 2015 
650 4 |a trenie  |2 slo 
650 4 |a sklzová krivka  |2 slo 
650 4 |a simulátor  |2 slo 
650 4 |a friction  |2 eng 
650 4 |a slip curve  |2 eng 
650 4 |a simulator  |2 eng 
700 1 |a Juhás, Martin  |4 ths  |X 2316  |7 A000002316 
856 4 |u http://is.stuba.sk/zp/portal_zp.pl?podrobnosti=112934 
996 |b 284J043673  |c J* 1963/DP  |l JJSK  |s A  |a 24  |w stuzp52731_0001 
SQL |a stuzp52731  |b DDP  |c SLO  |d Modelovanie trenia pre simulátor protiblokovacieho brzdového systému  |e 43867  |f Mihályová, Lucia  |g 020020  |h 2316  |i Juhás, Martin  |j 20150618  |k 51  |l 02  |m http://is.stuba.sk/zp/portal_zp.pl?podrobnosti=112934  |n I-AISP  |o 5.2.14. automatizácia